[Event "IECG RH.2003.0.00008 email"]
[Site "IECG email"]
[Date "2003.08.24"]
[Round "?"]
[White "Flores Ramirez, Luis Eduardo"]
[Black "Lindsalu, Indrek"]
[Result "0-1"]
[WhiteElo "2001"]
[BlackElo "1900"]
[PlyCount "74"]
[EventDate "2003.08.24"]
[EventType "tourn (corr)"]
[EventRounds "6"]
[SourceTitle "Corr 2008"]
[Source "ChessBase"]
[SourceDate "2008.06.24"]
[SourceVersion "1"]
[SourceVersionDate "2008.06.24"]
[SourceQuality "1"]

1. d4 Nf6 2. Bg5 c6 3. Bxf6 exf6 4. e3 d5 5. c4 dxc4 6. Bxc4 Nd7 7. Nc3 f5 8. Qf3 Bd6 9. Nge2 Nf6 10. Bd3 g6 11. 0-0 h5 12. d5 Ng4 13. Nf4 c5 14. Qe2 g5 15. f3 Nxh2 16. Kxh2 gxf4 17. exf4+ Kf8 18. Qe3 Qh4+ 19. Kg1 Qxf4 20. Qxf4 Bxf4 21. Rfe1 Bd7 22. Rad1 Rh6 23. Kf2 h4 24. Ne2 Be5 25. b3 Rd8 26. f4 Bg7 27. Rc1 b6 28. Bc4 Bc8 29. Rh1 a6 30. a4 Bb7 31. Rcd1 Ke7 32. Rd3 Bf6 33. Rhd1 Kd6 34. Kf1 Rg6 35. Rh3 Rdg8 36. Rh2 Bc8 37. Kf2 Rg3 0-1

[Event "IECG RH.2003.0.00008 email"]
[Site "IECG email"]
[Date "2003.08.24"]
[Round "?"]
[White "Gorgorinis, Panayotis"]
[Black "Flores Ramirez, Luis Eduardo"]
[Result "0-1"]
[WhiteElo "2015"]
[BlackElo "2001"]
[PlyCount "20"]
[EventDate "2003.08.24"]
[EventType "tourn (corr)"]
[EventRounds "6"]
[SourceTitle "Corr 2008"]
[Source "ChessBase"]
[SourceDate "2008.06.24"]
[SourceVersion "1"]
[SourceVersionDate "2008.06.24"]
[SourceQuality "1"]

1. e4 c5 2. Nf3 Nc6 3. d4 cxd4 4. Nxd4 Qb6 5. Nb3 Nf6 6. Nc3 e6 7. Be3 Qc7 8. f4 d6 9. Be2 a6 10. 0-0 b5 0-1

[Event "IECG CA.2003.0.00100 email"]
[Site "IECG email"]
[Date "2003.08.03"]
[Round "?"]
[White "Vorobyev, Albert A"]
[Black "Flores Ramirez, Luis Eduardo"]
[Result "1/2-1/2"]
[WhiteElo "2101"]
[BlackElo "2001"]
[PlyCount "32"]
[EventDate "2003.08.03"]
[EventType "tourn (corr)"]
[EventRounds "6"]
[SourceTitle "Corr 2008"]
[Source "ChessBase"]
[SourceDate "2008.06.24"]
[SourceVersion "1"]
[SourceVersionDate "2008.06.24"]
[SourceQuality "1"]

1. b3 e5 2. Bb2 d6 3. e3 f5 4. Bc4 Qe7 5. a4 Nf6 6. Nf3 e4 7. Ng1 d5 8. Be2 Qf7 9. Nh3 c6 10. Nf4 Bb4 11. c3 Bd6 12. Ba3 Bc7 13. Nh5 f4 14. Nxf6+ Qxf6 15. Bb2 Bd8 16. a5 Qf8 1/2-1/2

[Event "IECG RH.2003.0.00007 email"]
[Site "IECG email"]
[Date "2003.07.08"]
[Round "?"]
[White "Flores Ramirez, Luis Eduardo"]
[Black "Parkes Navea, Ricardo"]
[Result "1/2-1/2"]
[WhiteElo "2001"]
[BlackElo "2088"]
[PlyCount "46"]
[EventDate "2003.07.08"]
[EventType "tourn (corr)"]
[EventRounds "6"]
[SourceTitle "Corr 2008"]
[Source "ChessBase"]
[SourceDate "2008.06.24"]
[SourceVersion "1"]
[SourceVersionDate "2008.06.24"]
[SourceQuality "1"]

1. d4 d5 2. Bg5 Nf6 3. Bxf6 gxf6 4. e3 Nc6 5. c4 Bf5 6. Qb3 Na5 7. Qa4+ c6 8. cxd5 b5 9. Qd1 Qxd5 10. Nc3 Qd6 11. Bxb5 cxb5 12. Qf3 Qc6 13. Qxf5 a6 14. Qe4 Qxe4 15. Nxe4 Bg7 16. Ne2 0-0 17. N2g3 Rfc8 18. Nc5 Nc4 19. b3 Nd6 20. Rc1 f5 21. Nh5 Bh8 22. Ke2 h6 23. Rhd1 Kh7 1/2-1/2

[Event "IECG QA.2003.0.00039 email"]
[Site "IECG email"]
[Date "2003.06.15"]
[Round "1"]
[White "Gourion, Daniel"]
[Black "Flores Ramirez, Luis Eduardo"]
[Result "1/2-1/2"]
[WhiteElo "2033"]
[BlackElo "2001"]
[PlyCount "71"]
[EventDate "2003.06.15"]
[EventType "tourn (corr)"]
[EventRounds "6"]
[SourceTitle "Corr 2008"]
[Source "ChessBase"]
[SourceDate "2008.06.24"]
[SourceVersion "1"]
[SourceVersionDate "2008.06.24"]
[SourceQuality "1"]

1. e4 c5 2. Nf3 Nc6 3. d4 cxd4 4. Nxd4 Qb6 5. Nb3 Nf6 6. Nc3 e6 7. Bd3 a6 8. 0-0 Be7 9. Be3 Qc7 10. f4 d6 11. Qf3 0-0 12. g4 b5 13. g5 Nd7 14. Rae1 Nb4 15. Qh5 Nxd3 16. cxd3 b4 17. Nd1 Nc5 18. Nf2 Nxb3 19. axb3 d5 20. Ng4 dxe4 21. dxe4 Qc2 22. Bd4 Bc5 23. Bxc5 Qxc5+ 24. Rf2 Bb7 25. Qh3 Rfd8 26. Qe3 Rac8 27. Qxc5 Rxc5 28. Ne5 Kf8 29. Rfe2 f6 30. gxf6 gxf6 31. Nf3 Bc6 32. Kf2 Bb5 33. Rd2 Rxd2+ 34. Nxd2 Rc2 35. Ke3 Kf7 36. Rg1 1/2-1/2